Skunk Girl / (Record no. 85645)
[ view plain ]
| 000 -LEADER | |
|---|---|
| fixed length control field | 00849nam a2200241Ia 4500 |
| 005 - DATE AND TIME OF LATEST TRANSACTION | |
| control field | 20170803104428.0 |
| 010 ## - LCCN (DPL NO) | |
| LC control number | BAC-CH25 |
| 020 ## - INTERNATIONAL STANDARD BOOK NUMBER | |
| International Standard Book Number | 9780143331650 |
| Terms of availability | 250.00 |
| 035 ## - SYSTEM CONTROL NUMBER | |
| System control number | G-003126 |
| 035 ## - SYSTEM CONTROL NUMBER | |
| System control number | B-557347-346 |
| 035 ## - SYSTEM CONTROL NUMBER | |
| System control number | B-667208 |
| 037 ## - SOURCE OF ACQUISITION | |
| Source of stock number/acquisition | Aakar/Ven |
| Stock number | dpl |
| 082 ## - DEWEY DECIMAL CLASSIFICATION NUMBER | |
| Classification number | S |
| 100 ## - MAIN ENTRY--PERSONAL NAME | |
| Personal name | Karim, Sheba |
| 245 ## - TITLE STATEMENT | |
| Title | Skunk Girl / |
| Statement of responsibility, etc | by Sheba Karim |
| 260 ## - PUBLICATION, DISTRIBUTION, ETC. (IMPRINT) | |
| Place of publication, distribution, etc | New delhi |
| Name of publisher, distributor, etc | Puffin Books |
| Date of publication, distribution, etc | 2011 |
| 270 ## - ADDRESS | |
| Address | 11 Community Centre, Panchsheel Park |
| City | New Delhi |
| Postal code | 1100017, India |
| 300 ## - PHYSICAL DESCRIPTION | |
| Extent | 232p. |
| Dimensions | 19cm(pbk) |
| 942 ## - ADDED ENTRY ELEMENTS (KOHA) | |
| Item type | Children Books |
| Source of classification or shelving scheme | Dewey Decimal Classification |
| Call number suffix | KAR |
| Classification part | S |
| Withdrawn status | Lost status | Not for loan | Collection code | Home library | Current library | Date acquired | Source of acquisition | Cost, normal purchase price | Full call number | Barcode | Copy number | Cost, replacement price | Koha item type |
|---|---|---|---|---|---|---|---|---|---|---|---|---|---|
| Fiction | Ashok Vihar | Ashok Vihar | 03/08/2017 | BPPD/CH-EN/2014-15/AV/16-17/373/15.2.2017/I-3322/1.3.2017/ 17.3.2017 | 250.00 | S KAR | B-667208 | 1 | 250.00 | Children Books | |||
| Fiction | Bawana | Bawana | 18/05/2015 | Aakar Books/1-760/19.08.2014/141/04.08.2014/10.09.2014 | 250.00 | S KAR | B-557345 | 1 | 250.00 | Children Books | |||
| Fiction | Central Library | Central Library | 18/05/2015 | Aakar Books/1-760/19.08.2014/141/04.08.2014/10.09.2014 | 250.00 | S KAR | B-557342 | 1 | 250.00 | Children Books | |||
| Fiction | Janak Puri | Janak Puri | 24/12/2014 | Received from DB Act Children Books | 250.00 | S KAR | G-003126 | 1 | 250.00 | Children Books | |||
| Fiction | Patel Nagar | Patel Nagar | 18/05/2015 | Aakar Books/1-760/19.08.2014/141/04.08.2014/10.09.2014 | 250.00 | S KAR | B-557343 | 1 | 250.00 | Children Books | |||
| Fiction | Sarojini Nagar | Sarojini Nagar | 18/05/2015 | Aakar Books/1-760/19.08.2014/141/04.08.2014/10.09.2014 | 250.00 | S KAR | B-557344 | 1 | 250.00 | Children Books | |||
| Fiction | Shahdara Branch | Shahdara Branch | 18/05/2015 | Aakar Books/1-760/19.08.2014/141/04.08.2014/10.09.2014 | 250.00 | S KAR | B-557346 | 1 | 250.00 | Children Books |
